| 000 | 00403 a2200133 4500 | ||
|---|---|---|---|
| 001 | 91387 | ||
| 082 | _aPR 1283 | ||
| 090 |
_c43511 _d43510 |
||
| 100 | _aFaisal Bashir; Prof Zubair and Abid Ali Khan (Advisors) | ||
| 245 |
_aAirfoil Shape Optimization by Analytical Methods inthe transonic Region _n49 "A" EC |
||
| 260 |
_aKarachi _bNED University _c1998 |
||
| 300 | _a70p | ||
| 500 | _aBE Project Reports | ||
| 942 |
_aCAE NUST _kPR 1283 |
||
| 999 |
_c326460 _d326460 |
||